000 00755cab a2200241 4500
001 WB3217-08
008 090401t1996 xxu||||| |||| 00| 0 eng d
035 _a(Sirsi) u6600
041 _aeng
245 _aPrivate finance initiative
260 _c1996
350 _a0
490 _aHM Treasury Press Release
_v(66/96) 25 April 1996, (3)
520 _aThe NHS has identified over 500 projects as suitable for private finance. Outlines key features of new procurement guidelines for PFI.
650 _aHEALTH SECTOR
650 _aNATIONAL HEALTH SERVICE
650 _aPFI
650 _aPRIVATE FINANCE INITIATIVE
650 _aPROCUREMENT GUIDELINES
690 _aPROPERTY-PROPERTY FINANCE AND INVESTMENT
942 _n0
948 _c04/03/1997
999 _c3943
_d3943